| Tag |
First Indicator |
Second Indicator |
Subfields |
| LEADER |
00000cam a2200000 4500 |
| 001 |
in00000290339 |
| 005 |
20151010085017.0 |
| 008 |
750723c19671965nyua b 00010 eng d |
| 035 |
|
|
|a (OCoLC)01471310
|
| 035 |
|
|
|9 ABG2453AM
|
| 040 |
|
|
|c MUB
|d TXA
|d UtOrBLW
|
| 049 |
|
|
|a TXAM
|
| 090 |
|
|
|a QH431
|b .P38 1967
|
| 100 |
1 |
|
|a Peacocke, A. R.
|q (Arthur Robert)
|
| 245 |
1 |
4 |
|a The molecular basis of heredity /
|c [by] R. A. Peacocke and R. B. Drysdale.
|
| 250 |
|
|
|a Rev. reprint.
|
| 264 |
|
1 |
|a New York :
|b Pleneum press,
|c [1967]
|
| 264 |
|
4 |
|c [©1965]
|
| 300 |
|
|
|a viii, 180 pages :
|b illustrations
|
| 336 |
|
|
|a text
|b txt
|2 rdacontent
|
| 337 |
|
|
|a unmediated
|b n
|2 rdamedia
|
| 338 |
|
|
|a volume
|b nc
|2 rdacarrier
|
| 504 |
|
|
|a Includes bibliographies.
|
| 650 |
|
0 |
|a Biochemical genetics.
|
| 650 |
|
0 |
|a Nucleic acids.
|
| 700 |
1 |
|
|a Drysdale, R. B.
|
| 999 |
|
|
|a MARS
|
| 999 |
f |
f |
|s 2094682c-2d37-338b-b9c2-56f2f88c3012
|i d9a2033f-e2fd-37e7-b416-acecf4f4553b
|t 0
|
| 952 |
f |
f |
|p normal
|a Texas A&M University
|b College Station
|c Sterling C. Evans Library
|d Evans: Library Stacks
|t 0
|e QH431 .P38 1967
|h Library of Congress classification
|i unmediated -- volume
|m A14804850666
|
| 998 |
f |
f |
|a QH431 .P38 1967
|t 0
|l Evans: Library Stacks
|